[Event "BCF-chT4 0506 (4NCL)"]
[Site "West Bromwich"]
[Date "2006.02.12"]
[Round "6.5"]
[White "Birch, Harvey"]
[Black "Smart, Michael R"]
[Result "0-1"]
[WhiteElo "1755"]
[BlackElo "2070"]
[PlyCount "54"]
[EventDate "2005.11.05"]
[EventType "team"]
[EventRounds "11"]
[EventCountry "ENG"]
[SourceTitle "CBM 109 Extra"]
[Source "ChessBase"]
[SourceDate "2006.01.03"]
[SourceVersion "2"]
[SourceVersionDate "2006.01.03"]
[SourceQuality "1"]
[WhiteTeam "Warwicks Select II"]
[BlackTeam "Guildford IV"]
[WhiteTeamCountry "ENG"]
[BlackTeamCountry "ENG"]

1. c4 g6 2. g3 Nf6 3. Bg2 Bg7 4. Nc3 c5 5. e4 Nc6 6. d3 0-0 7. Nge2 Ne8 8. Be3 Nd4 9. f4 d6 10. Rb1 Bg4 11. h3 Bxe2 12. Nxe2 Qa5+ 13. Nc3 Nc7 14. 0-0 Rab8 15. Kh2 b5 16. b4 cxb4 17. Nd5 Nxd5 18. cxd5 Qxa2 19. Bxd4 Bxd4 20. Rxb4 Bc3 21. Rb3 b4 22. f5 a5 23. Qb1 Qxb1 24. Rbxb1 a4 25. Bf3 a3 26. Rf2 b3 27. Bd1 a2 0-1

[Event "BCF-chT4a 0405 (4NCL)"]
[Site "Telford"]
[Date "2005.05.30"]
[Round "11.4"]
[White "Makepeace, Philip"]
[Black "Smart, Michael R"]
[Result "1/2-1/2"]
[WhiteElo "2015"]
[BlackElo "2070"]
[PlyCount "22"]
[EventDate "2004.11.06"]
[EventType "team"]
[EventRounds "11"]
[EventCountry "ENG"]
[SourceTitle "EXT 2006"]
[Source "ChessBase"]
[SourceDate "2005.11.24"]
[SourceVersion "1"]
[SourceVersionDate "2005.11.24"]
[SourceQuality "1"]
[WhiteTeam "Slough Sharks IV"]
[BlackTeam "Guildford IV"]
[WhiteTeamCountry "ENG"]
[BlackTeamCountry "ENG"]

1. e4 Nf6 2. Nc3 d5 3. e5 Ne4 4. d4 c5 5. Bb5+ Nc6 6. Nxe4 dxe4 7. c3 cxd4 8. Qxd4 Qxd4 9. cxd4 Bd7 10. Bxc6 Bxc6 11. Ne2 Bb5 1/2-1/2

[Event "BCF-chT4a 0405 (4NCL)"]
[Site "Telford"]
[Date "2005.02.26"]
[Round "5.5"]
[White "Smart, Michael R"]
[Black "Yu, Yangshi"]
[Result "1-0"]
[WhiteElo "2070"]
[BlackElo "1945"]
[PlyCount "97"]
[EventDate "2004.11.06"]
[EventType "team"]
[EventRounds "11"]
[EventCountry "ENG"]
[SourceTitle "EXT 2006"]
[Source "ChessBase"]
[SourceDate "2005.11.24"]
[SourceVersion "1"]
[SourceVersionDate "2005.11.24"]
[SourceQuality "1"]
[WhiteTeam "Guildford IV"]
[BlackTeam "Cheddleton"]
[WhiteTeamCountry "ENG"]
[BlackTeamCountry "ENG"]

1. e4 c5 2. Nf3 Nc6 3. d4 cxd4 4. Nxd4 g6 5. Nc3 Bg7 6. Be3 Nf6 7. Be2 0-0 8. 0-0 d6 9. f4 Bd7 10. Qd2 Qa5 11. Nb3 Qd8 12. h3 a5 13. a4 Rc8 14. Rad1 Be6 15. Nd4 Bd7 16. Bf3 Rb8 17. Ndb5 Be6 18. Qf2 Nd7 19. b3 b6 20. f5 Bxb3 21. cxb3 Nb4 22. Bd4 Ne5 23. Bxe5 Bxe5 24. Nd5 Na6 25. Qh4 Rb7 26. Be2 Nc5 27. Bc4 Kg7 28. fxg6 hxg6 29. Ne3 e6 30. Qxd8 Rxd8 31. Ng4 Bg3 32. Rf3 Bh4 33. Rxd6 Nxe4 34. Rxd8 Bxd8 35. Rd3 Be7 36. Ne5 Bc5+ 37. Kf1 Nf6 38. Nd6 Bxd6 39. Rxd6 Kf8 40. Ba6 Rc7 41. Rxb6 Rc1+ 42. Kf2 Ne4+ 43. Ke3 Re1+ 44. Kd4 Nf6 45. Bd3 Rxe5 46. Rb8+ Kg7 47. Kxe5 Nd7+ 48. Kd6 Nxb8 49. Kc7 1-0